[Event "Gibraltar Open"]
[Site "Caleta ENG"]
[Date "2012.02.02"]
[Round "10.77"]
[White "Mihajlov, Sebastian"]
[Black "Pettersson, Anders1"]
[Result "1/2-1/2"]
[WhiteElo "1974"]
[BlackElo "2219"]
[WhiteFideId "1512110"]
[BlackFideId "1709771"]
[EventDate "2012.01.24"]

1. d4 d5 2. c4 e5 3. dxe5 d4 4. Nf3 Nc6 5. g3 Nge7 6. Bg2 Ng6 7. Bg5 Qd7 8. Nbd2
Ngxe5 9. Nxe5 Nxe5 10. O-O h6 11. Bf4 Ng6 12. Nb3 Nxf4 13. gxf4 c5 14. e3 Be7
15. exd4 cxd4 16. Qxd4 Qxd4 17. Nxd4 O-O 18. b3 Bf6 19. Rad1 a6 20. h3 Rb8 21.
c5 Bd7 22. c6 bxc6 23. Nxc6 Bxc6 24. Bxc6 Rfc8 25. Be4 Rb4 26. f3 a5 27. Rc1
Rcb8 28. Rfd1 a4 29. Rd3 Kf8 30. Rc7 1/2-1/2

[Event "Gibraltar Open"]
[Site "Caleta ENG"]
[Date "2012.02.02"]
[Round "10.79"]
[White "Kandic, Milan"]
[Black "Benmesbah, Natacha"]
[Result "0-1"]
[BlackTitle "WIM"]
[WhiteElo "2131"]
[BlackElo "2228"]
[WhiteFideId "926752"]
[BlackFideId "642002"]
[EventDate "2012.01.24"]

1. e4 c5 2. Nf3 d6 3. b4 Nf6 4. e5 dxe5 5. bxc5 e4 6. Bb5+ Bd7 7. Bxd7+ Nbxd7 8.
c6 bxc6 9. Nd4 e6 10. Nc3 Qb6 11. Nde2 Bd6 12. O-O h5 13. d4 exd3 14. Qxd3 Qc7
15. h3 Ne5 16. Qe3 Neg4 17. Qg5 Bh2+ 18. Kh1 Be5 19. f4 Bd6 20. Rb1 Be7 21. Nd4
Ne4 22. Qxg7 Ng3+ 23. Kg1 Bf6 24. Nxe6 fxe6 25. Qg6+ Qf7 26. Qd3 Nxf1 27. hxg4
Rd8 28. Qc4 Ng3 29. Kf2 hxg4 30. Qxc6+ Qd7 31. Qxd7+ Rxd7 32. Rb8+ Rd8 33. Rxd8+
Kxd8 34. Kxg3 Bxc3 35. Kxg4 Ke7 36. Be3 a5 37. Bc5+ Kf7 0-1

[Event "Gibraltar Open"]
[Site "Caleta ENG"]
[Date "2012.02.02"]
[Round "10.80"]
[White "Hallerod, Ralph"]
[Black "Duhayon, Yves"]
[Result "1/2-1/2"]
[WhiteElo "2124"]
[BlackElo "2210"]
[WhiteFideId "1705644"]
[BlackFideId "200492"]
[EventDate "2012.01.24"]

1. d4 d5 2. c4 e6 3. Nf3 Nf6 4. cxd5 exd5 5. Bg5 c6 6. Qc2 Be7 7. Nc3 Na6 8. a3
g6 9. e3 Bf5 10. Bd3 Bxd3 11. Qxd3 O-O 12. O-O Nc7 13. b4 a6 14. Bh6 Re8 15. Ne5
Bd6 16. f4 Nb5 17. Bg5 Nxc3 18. Bxf6 Qxf6 19. Qxc3 Qe7 20. Rf3 f6 21. Nd3 Kf7
22. Nc5 b6 23. Nb3 Rec8 24. Qd3 Qe4 25. Qxe4 dxe4 26. Rf2 c5 27. dxc5 bxc5 28.
Rd2 c4 29. Nd4 Be7 30. g4 c3 31. Rc2 Rc4 32. Rac1 Rac8 33. Ne2 a5 34. Rxc3 Rxc3
35. Rxc3 Rxc3 36. Nxc3 axb4 37. axb4 Bxb4 38. Nxe4 f5 39. Ng5+ Kg8 1/2-1/2

[Event "Gibraltar Open"]
[Site "Caleta ENG"]
[Date "2012.02.02"]
[Round "10.83"]
[White "Kyas, Juergen"]
[Black "Mihajlov, Svetoslav"]
[Result "1/2-1/2"]
[WhiteElo "2195"]
[BlackElo "2101"]
[WhiteFideId "4618157"]
[BlackFideId "1507168"]
[EventDate "2012.01.24"]

1. e4 e5 2. Bc4 Nf6 3. d3 Bc5 4. Nf3 Nc6 5. O-O d6 6. c3 a6 7. Bb3 Ba7 8. Nbd2
O-O 9. h3 Qe7 10. Re1 Be6 11. Bc2 Qd8 12. Nf1 Ne7 13. Ng3 Ng6 14. d4 h6 15. Be3
Nh7 16. Nf5 Qf6 17. Nh2 Bxf5 18. exf5 Nf4 19. Bxf4 exf4 20. Qf3 c5 21. dxc5 Bxc5
22. Qxf4 Rfe8 23. Nf3 Nf8 24. Nd2 d5 25. Qf3 Re5 26. Nb3 Bb6 27. Rxe5 Qxe5 28.
Rd1 Rd8 29. Nd4 Nh7 30. Qe3 Qb8 1/2-1/2

[Event "Gibraltar Open"]
[Site "Caleta ENG"]
[Date "2012.02.02"]
[Round "10.85"]
[White "Scheckenbach, Franz"]
[Black "Marder, Simon"]
[Result "1-0"]
[WhiteElo "2182"]
[BlackElo "2032"]
[WhiteFideId "4635647"]
[BlackFideId "1704540"]
[EventDate "2012.01.24"]

1. e4 Nc6 2. Nc3 e6 3. Nf3 d5 4. Bb5 dxe4 5. Bxc6+ bxc6 6. Nxe4 Nf6 7. Qe2 Be7
8. O-O O-O 9. d3 c5 10. b3 Bb7 11. Bb2 Qd5 12. Rfe1 Rad8 13. h3 Ba8 14. Rad1
Rfe8 15. Ne5 Nd7 16. c4 Qb7 17. Nxd7 Rxd7 18. Qg4 Rd4 19. Bxd4 cxd4 20. Qg3 h6
21. f3 Qa6 22. Qxc7 Bxe4 23. fxe4 Bg5 24. Re2 Re7 25. Qd8+ Kh7 26. Qxd4 e5 27.
Qd5 Bf4 28. Rf1 Re6 29. Rxf4 exf4 30. Qf5+ Kg8 31. Qxf4 Rf6 32. Qb8+ Kh7 33. Qb5
Qa3 34. Qe5 Qc1+ 35. Kh2 Qd1 36. Qb2 Qxd3 37. Qd2 Rd6 38. Qxd3 Rxd3 39. Kg1 Kg6
40. Kf2 Kf6 41. Rc2 Ke6 42. b4 Kd6 43. Ke2 Rg3 44. Rd2+ Kc6 45. Kf2 Rc3 46. b5+
Kc7 47. Rd4 Rc2+ 48. Kf3 Rxa2 49. c5 Rb2 50. Ra4 Kb8 51. Ra5 Kb7 52. c6+ Kb8 53.
c7+ Kc8 54. Rxa7 Rxb5 55. Ra8+ Kxc7 56. Rf8 Rg5 57. Rxf7+ Kd6 58. h4 Rg6 59. h5
Rg5 60. Rf5 Rxf5+ 61. exf5 Ke5 62. g4 Kf6 63. Kf4 Ke7 64. Ke5 Kf7 65. f6 gxf6+
66. Kf5 Kg7 67. Ke6 1-0

[Event "Gibraltar Open"]
[Site "Caleta ENG"]
[Date "2012.02.02"]
[Round "10.86"]
[White "Thorell, Viktor"]
[Black "Peredy, Ferenc"]
[Result "1/2-1/2"]
[BlackTitle "IM"]
[WhiteElo "2046"]
[BlackElo "2180"]
[WhiteFideId "1715488"]
[BlackFideId "705985"]
[EventDate "2012.01.24"]

1. Nf3 d5 2. d4 Nf6 3. e3 c6 4. Bd3 Bg4 5. h3 Bh5 6. g4 Bg6 7. Ne5 Bxd3 8. cxd3
Nfd7 9. Nc3 e6 10. Qf3 f6 11. Nxd7 Nxd7 12. e4 Bd6 13. Qe2 Qe7 14. f4 O-O-O 15.
Be3 Rhe8 16. e5 Bc7 17. Rc1 Kb8 18. a3 Ka8 19. b4 h6 20. h4 Rf8 21. h5 Bb6 22.
Na4 fxe5 23. fxe5 Rf7 24. Nc5 Nxc5 25. dxc5 d4 26. Bf2 Qg5 27. Rc4 Rd5 28. Bh4
Qf4 29. Rf1 Qxf1+ 30. Qxf1 1/2-1/2

[Event "Gibraltar Open"]
[Site "Caleta ENG"]
[Date "2012.02.02"]
[Round "10.87"]
[White "Vanparys, Philip"]
[Black "Carlsten, Peter"]
[Result "1/2-1/2"]
[WhiteElo "2174"]
[BlackElo "2030"]
[WhiteFideId "202975"]
[BlackFideId "1705067"]
[EventDate "2012.01.24"]

1. c4 f5 2. g3 Nf6 3. Bg2 g6 4. Nc3 Bg7 5. d3 d6 6. Rb1 a5 7. e4 fxe4 8. dxe4
O-O 9. Nge2 c6 10. O-O Na6 11. h3 Be6 12. b3 Qd7 13. Nf4 Bf7 14. Nd3 Qc7 15. Qe2
Nd7 16. Bb2 e5 17. Rfd1 Rad8 18. Ba3 Rfe8 19. h4 Nf8 20. Qd2 Ne6 21. Rbc1 Nd4
22. Na4 b6 23. Bb2 c5 24. Rf1 Rb8 25. Bxd4 cxd4 26. Bh3 Re7 27. Rce1 Be8 28.
Nab2 a4 29. bxa4 Ra8 30. Qc2 Nc5 31. Nb4 Qd8 32. Nd5 Rea7 33. Rb1 Bc6 1/2-1/2

[Event "Gibraltar Open"]
[Site "Caleta ENG"]
[Date "2012.02.02"]
[Round "10.88"]
[White "Amos, Frank"]
[Black "Kuehnast, Volker"]
[Result "1-0"]
[WhiteElo "2171"]
[BlackElo "1933"]
[WhiteFideId "4635442"]
[BlackFideId "24653756"]
[EventDate "2012.01.24"]

1. e4 g6 2. Nc3 Bg7 3. Bc4 d6 4. d3 e6 5. f4 Ne7 6. Bb3 a6 7. a4 b6 8. Nf3 Nd7
9. O-O Nc5 10. Ba2 Bd7 11. Qe1 Nc6 12. Be3 Nb4 13. Bb1 O-O 14. d4 Nb7 15. Ne2 c5
16. c3 Nc6 17. Bc2 f5 18. Rd1 fxe4 19. Bxe4 d5 20. Bc2 Qe7 21. Qg3 c4 22. h4 Nd6
23. Qh2 Nf5 24. Bc1 Be8 25. g4 Nd6 26. Ng3 Ra7 27. Rde1 Nd8 28. h5 Qb7 29. Ng5
h6 30. hxg6 Bd7 31. Nh7 Ne4 32. Nxf8 Nxg3 33. Qxg3 Bxf8 34. g5 Be8 35. f5 1-0

[Event "Gibraltar Open"]
[Site "Caleta ENG"]
[Date "2012.02.02"]
[Round "10.90"]
[White "Johnsen, Kjell Magne"]
[Black "Samu, Sorin-Mihai"]
[Result "0-1"]
[WhiteElo "1950"]
[BlackElo "2156"]
[WhiteFideId "1505319"]
[BlackFideId "1210165"]
[EventDate "2012.01.24"]

1. d4 c5 2. d5 g6 3. c4 Bg7 4. e4 d6 5. Bd3 Nf6 6. Nc3 O-O 7. h3 e5 8. Bg5 h6 9.
Be3 Na6 10. g4 Nc7 11. Qd2 h5 12. g5 Nfe8 13. O-O-O a6 14. f4 exf4 15. Bxf4 Bd7
16. Nf3 b5 17. e5 dxe5 18. Bxe5 bxc4 19. Bxc4 Bf5 20. d6 Ne6 21. Nd5 Bxe5 22.
Nxe5 Nd4 23. Ne7+ Kg7 24. N5c6 Qxd6 25. Nxf5+ Nxf5 26. Qc3+ Nd4 27. Nxd4 Qf4+
28. Kb1 cxd4 29. Rxd4 Qxg5 30. Rd8+ Nf6 31. Rd5 Qh4 32. Rg1 Rad8 33. Rxd8 Rxd8
34. Bxa6 Rd6 35. Bb7 g5 36. Bg2 g4 37. hxg4 hxg4 38. Qe5 Re6 39. Qf5 Re1+ 40.
Rxe1 Qxe1+ 41. Kc2 Qe2+ 42. Kb3 Qxg2 43. Qg5+ Kf8 44. Qxf6 Qf3+ 0-1

[Event "Gibraltar Open"]
[Site "Caleta ENG"]
[Date "2012.02.02"]
[Round "10.91"]
[White "Auvinen, Esa"]
[Black "Weber, Francois ESP"]
[Result "1-0"]
[WhiteElo "1926"]
[BlackElo "2155"]
[WhiteFideId "501069"]
[BlackFideId "2291690"]
[EventDate "2012.01.24"]

1. e4 e5 2. Nf3 Nc6 3. Bb5 Nf6 4. O-O Nxe4 5. Re1 Nd6 6. Nxe5 Be7 7. Ba4 O-O 8.
Nxc6 dxc6 9. d3 Nf5 10. Nc3 Bb4 11. Bd2 Nd4 12. Ne4 Bxd2 13. Qxd2 f5 14. Ng5 h6
15. Nf3 Nxf3+ 16. gxf3 Kh8 17. Qe3 b5 18. Bb3 Bb7 19. Qe7 c5 20. Qxd8 Raxd8 21.
Re7 Bxf3 22. Rae1 c4 23. dxc4 bxc4 24. Bxc4 Rd4 25. Bd3 Rf6 26. R1e3 Rg4+ 27.
Kf1 Bg2+ 28. Ke2 c5 29. R3e5 Be4 30. Rxc5 Bxd3+ 31. cxd3 a6 32. Ree5 f4 33. d4
f3+ 34. Ke3 Rg1 35. Rf5 Re1+ 36. Kxf3 Rd6 37. d5 g6 38. Rf7 Kg8 39. Ra7 Re8 40.
Rc6 Rxd5 41. Rxg6+ Kf8 42. Rxh6 Kg8 43. Raxa6 Rf5+ 44. Kg3 Ref8 45. Rag6+ Kf7
46. f4 Ke7 47. Rg7+ 1-0

[Event "Gibraltar Open"]
[Site "Caleta ENG"]
[Date "2012.02.02"]
[Round "10.94"]
[White "Groffen, Hans"]
[Black "Mortensen, Henrik"]
[Result "1/2-1/2"]
[WhiteElo "2204"]
[BlackElo "2012"]
[WhiteFideId "1004140"]
[BlackFideId "1401424"]
[EventDate "2012.01.24"]

1. d4 Nf6 2. c4 c5 3. d5 d6 4. Nc3 g6 5. Nf3 Bg7 6. e4 O-O 7. Be2 e6 8. Bg5 exd5
9. cxd5 a6 10. Nd2 Re8 11. Qc2 Nbd7 12. a4 Qc7 13. O-O Rb8 14. f4 c4 15. Rac1 b5
16. axb5 axb5 17. b4 cxb3 18. Qxb3 b4 19. Nb5 Qb6+ 20. Kh1 Nc5 21. Qxb4 Nfxe4
22. Nc4 Qxb5 23. Qxb5 Rxb5 24. Nxd6 Nxd6 25. Bxb5 Nxb5 26. Rxc5 Nd6 27. Bh4 Bb7
28. Rb1 Ne4 29. Rcb5 Bxd5 30. Rxd5 Nc3 31. Rdd1 Nxb1 32. Rxb1 1/2-1/2

[Event "Gibraltar Open"]
[Site "Caleta ENG"]
[Date "2012.02.02"]
[Round "10.96"]
[White "Magar, Johannes"]
[Black "Becking, Franz Josef"]
[Result "1/2-1/2"]
[WhiteElo "2088"]
[BlackElo "1956"]
[WhiteFideId "4648943"]
[BlackFideId "4632540"]
[EventDate "2012.01.24"]

1. e4 e5 2. Nf3 Nc6 3. Bb5 Nf6 4. Qe2 Bc5 5. O-O d6 6. c3 a6 7. Ba4 O-O 8. Rd1
Bg4 9. d3 b5 10. Bc2 Re8 11. Nbd2 b4 12. Nf1 h6 13. h3 Be6 14. d4 exd4 15. cxd4
Bb6 16. e5 Bd5 17. Ne3 Bxf3 18. Qxf3 Nxd4 19. Rxd4 Bxd4 20. exf6 Qxf6 21. Qxf6
Bxf6 22. Rb1 c6 23. Bd2 a5 24. Kf1 Re7 25. Nf5 Rd7 26. Be3 Re8 27. b3 c5 28. Rd1
Red8 29. Bd3 Bg5 30. Bxg5 hxg5 31. Bc4 1/2-1/2

[Event "Gibraltar Open"]
[Site "Caleta ENG"]
[Date "2012.02.02"]
[Round "10.97"]
[White "Pietinen, Pekka"]
[Black "Freuler, Roman"]
[Result "1/2-1/2"]
[WhiteElo "2008"]
[BlackElo "2077"]
[WhiteFideId "502545"]
[BlackFideId "1304283"]
[EventDate "2012.01.24"]

1. e3 g6 2. c4 Bg7 3. Nc3 Nf6 4. Nf3 O-O 5. b3 b6 6. Bb2 Bb7 7. Be2 d6 8. d4
Nbd7 9. Qc2 e5 10. dxe5 Nxe5 11. Nxe5 dxe5 12. O-O Qe7 13. Rad1 Rfd8 14. Rxd8+
Rxd8 15. Rd1 h5 16. h3 a6 17. Rxd8+ Qxd8 18. Qd1 Qxd1+ 19. Bxd1 Bf8 20. Bc2 Bd6
21. f3 Kf8 22. Kf2 Ke8 23. Ke2 Kd7 24. Bd3 c6 25. Ne4 Nxe4 26. Bxe4 f5 27. Bc2
Ke6 28. Bc3 a5 29. Bd3 Bc5 30. Kd2 Bb4 31. Bxb4 axb4 32. h4 c5 33. Ke2 Kf6 34.
g3 e4 35. fxe4 Bxe4 36. Kd2 Bxd3 37. Kxd3 g5 38. hxg5+ Kxg5 39. Ke2 Kf6 40. Kf3
Kg5 41. Kf2 Kf6 1/2-1/2

[Event "Gibraltar Open"]
[Site "Caleta ENG"]
[Date "2012.02.02"]
[Round "10.99"]
[White "Thornton, John D"]
[Black "Knudsen, Jes West"]
[Result "0-1"]
[WhiteElo "2050"]
[BlackElo "1892"]
[WhiteFideId "1800663"]
[BlackFideId "1405985"]
[EventDate "2012.01.24"]

1. e4 c5 2. Nf3 a6 3. c4 Nc6 4. d4 cxd4 5. Nxd4 e5 6. Nc2 Nf6 7. Nc3 Bc5 8. Bd3
d6 9. O-O Bg4 10. Qe1 O-O 11. Bg5 h6 12. Be3 Nd4 13. f3 Nxc2 14. Bxc2 Qb6 15.
Bxc5 Qxc5+ 16. Qf2 Be6 17. Nd5 Nxd5 18. Qxc5 dxc5 19. exd5 Bd7 20. Rfe1 Rfe8 21.
Re3 b5 22. Bd3 Rab8 23. cxb5 axb5 24. Rae1 f6 25. b3 Rec8 26. Rc1 Kf8 27. Bg6
Ke7 28. f4 Ra8 29. fxe5 fxe5 30. Rxe5+ Kf6 31. Re2 Kxg6 32. Re7 Bf5 33. d6 Rxa2
34. Rc7 Rd8 35. Rd1 Be4 36. d7 Rf8 37. Rd6+ Kh7 0-1

[Event "Gibraltar Open"]
[Site "Caleta ENG"]
[Date "2012.02.02"]
[Round "10.100"]
[White "Isherwood, Paul"]
[Black "Marley, Andrew S G"]
[Result "0-1"]
[WhiteElo "2042"]
[BlackElo "1889"]
[WhiteFideId "410314"]
[BlackFideId "416975"]
[EventDate "2012.01.24"]

1. e4 c5 2. Nf3 e6 3. c3 d5 4. exd5 Qxd5 5. d4 Nf6 6. Na3 Nc6 7. Be3 cxd4 8. Nb5
Qd8 9. Nbxd4 Nxd4 10. Qxd4 Qxd4 11. Bxd4 Be7 12. Bb5+ Bd7 13. Bxd7+ Nxd7 14. Rd1
Bf6 15. O-O Ke7 16. Rfe1 Rhd8 17. c4 Rac8 18. b3 a6 19. Kf1 g6 20. g4 Bxd4 21.
Nxd4 Rc5 22. f4 Nf6 23. h3 Rd6 24. Re5 Rc8 25. Ree1 Rcd8 0-1

[Event "Gibraltar Open"]
[Site "Caleta ENG"]
[Date "2012.02.02"]
[Round "10.102"]
[White "Fransson, Angelina"]
[Black "Nilsson, Lars Kjoller"]
[Result "1-0"]
[WhiteElo "1967"]
[BlackElo "2036"]
[WhiteFideId "1712632"]
[BlackFideId "1402544"]
[EventDate "2012.01.24"]

1. e4 c5 2. d3 Nc6 3. f4 d6 4. Nf3 g6 5. Be2 Bg7 6. O-O e6 7. Qe1 b5 8. Bd1 Nge7
9. Nh4 O-O 10. Qg3 f5 11. Nf3 b4 12. Nbd2 a5 13. Re1 a4 14. e5 a3 15. bxa3 dxe5
16. fxe5 Qd5 17. Nc4 Ba6 18. Nb6 Qd8 19. Nxa8 Qxa8 20. axb4 cxb4 21. Qh4 f4 22.
Bxf4 h6 23. Qg4 Rf5 24. Bg3 Bb7 25. c4 bxc3 26. Qa4 Rf8 27. Qxa8 Bxa8 28. a3 Rd8
29. Bb3 Rxd3 30. Bxe6+ Kh7 31. Rad1 Rd8 32. Rxd8 Nxd8 33. Bb3 Bf8 34. Rd1 Bxf3
35. Rxd8 Bd5 36. Bxd5 c2 37. Bf4 Nxd5 38. Rxd5 Bxa3 39. Rd7+ 1-0

[Event "Gibraltar Open"]
[Site "Caleta ENG"]
[Date "2012.02.02"]
[Round "10.103"]
[White "Suez-Panama, Gilles"]
[Black "Conflitti, Alessandro"]
[Result "1-0"]
[WhiteElo "2034"]
[BlackElo "1792"]
[WhiteFideId "620165"]
[BlackFideId "843563"]
[EventDate "2012.01.24"]

1. d4 Nf6 2. Nf3 e6 3. c4 c5 4. d5 b5 5. Bg5 bxc4 6. Nc3 d6 7. e4 Be7 8. Bxc4
O-O 9. O-O Ba6 10. Bxa6 Nxa6 11. dxe6 fxe6 12. e5 Ne8 13. Bxe7 Qxe7 14. Re1 Rd8
15. exd6 Rxd6 16. Qe2 Nac7 17. Rad1 Qf6 18. Ne4 Qf4 19. Nxd6 Nxd6 20. g3 Qxf3
21. Qxf3 Rxf3 22. Rxd6 Nb5 23. Rdxe6 Rd3 24. Kg2 Rd2 25. R1e2 Rd1 26. Ra6 Nd4
27. Re7 Nf5 28. Rexa7 Rd2 29. Rb7 h5 30. h4 Ne3+ 31. Kf3 Ng4 32. Raa7 Rxf2+ 33.
Ke4 Nf6+ 34. Ke5 Ng4+ 35. Kd6 c4 36. Rxg7+ Kf8 37. Rgb7 Rf6+ 38. Kc5 Rf5+ 39.
Kb4 Nf6 40. Rb8+ Ne8 41. Raa8 Re5 42. Rxe8+ 1-0

[Event "Gibraltar Open"]
[Site "Caleta ENG"]
[Date "2012.02.02"]
[Round "10.104"]
[White "Henrichsen, Jens"]
[Black "Campos Calvo-Sotelo, Juan"]
[Result "0-1"]
[WhiteElo "1901"]
[BlackElo "2028"]
[WhiteFideId "1401858"]
[BlackFideId "2251540"]
[EventDate "2012.01.24"]

1. Nf3 b5 2. d4 e6 3. g3 Bb7 4. Bg2 c5 5. O-O Nf6 6. a4 a6 7. axb5 axb5 8. Rxa8
Bxa8 9. e3 Nc6 10. Qe2 c4 11. b3 cxb3 12. cxb3 b4 13. Nbd2 Be7 14. Bb2 O-O 15.
Ra1 d5 16. Bf1 Ne8 17. Qa6 Nd6 18. Ne5 Nxe5 19. dxe5 Nf5 20. Nf3 d4 21. Nxd4
Nxd4 22. Bxd4 Qd5 23. f3 Qxf3 0-1

[Event "Gibraltar Open"]
[Site "Caleta ENG"]
[Date "2012.02.02"]
[Round "10.105"]
[White "Van Diermen, Arie"]
[Black "Adler, Bo"]
[Result "0-1"]
[WhiteElo "1904"]
[BlackElo "2167"]
[WhiteFideId "1009710"]
[BlackFideId "1702149"]
[EventDate "2012.01.24"]

1. e4 e5 2. Nf3 Nc6 3. Bc4 Nf6 4. Ng5 d5 5. exd5 Nd4 6. c3 Nf5 7. d4 exd4 8. O-O
Be7 9. Nxf7 Kxf7 10. d6+ Kf8 11. dxe7+ Kxe7 12. Re1+ Kf8 13. cxd4 Qxd4 14. Qe2
Bd7 15. Rd1 Re8 16. Rxd4 Rxe2 17. Rd1 Re8 18. Bf4 Re4 19. Bg5 Rxc4 20. Bxf6 gxf6
21. Na3 Rd4 22. Rxd4 Nxd4 23. Rd1 c5 24. b4 b6 25. bxc5 bxc5 0-1

[Event "Gibraltar Open"]
[Site "Caleta ENG"]
[Date "2012.02.02"]
[Round "10.106"]
[White "Peltomaki, Jarmo"]
[Black "Zaky, Tamir"]
[Result "1-0"]
[WhiteElo "2051"]
[BlackElo "1882"]
[WhiteFideId "507148"]
[BlackFideId "651451"]
[EventDate "2012.01.24"]

1. d4 Nf6 2. Bf4 d5 3. e3 Nbd7 4. Nf3 g6 5. c4 c6 6. h3 Bg7 7. Qb3 O-O 8. Nc3
dxc4 9. Bxc4 Nb6 10. Be2 Nbd5 11. Be5 b6 12. Nxd5 cxd5 13. Rc1 Bb7 14. O-O Ne4
15. Bh2 Rc8 16. Qa3 a5 17. Rxc8 Bxc8 18. Rc1 Bd7 19. b3 Qe8 20. Bc7 Bb5 21. Bd1
Ba6 22. Rc2 Bd3 23. Rc1 Qb5 24. Qxe7 Bf6 25. Qa3 Be2 26. Qb2 Bxd1 27. Rxd1 a4
28. Be5 Be7 29. Qc2 a3 30. Ne1 f6 31. Bh2 Qd7 32. f3 Nd6 33. Bxd6 Bxd6 34. Rc1
Bg3 35. Qd3 Rc8 36. Rxc8+ Qxc8 37. Nc2 b5 38. Kf1 b4 39. Ke2 Qb8 40. Qa6 Bd6 41.
Qc6 Kg7 42. Qxd5 Qc7 43. Qc4 1-0

[Event "Gibraltar Open"]
[Site "Caleta ENG"]
[Date "2012.02.02"]
[Round "10.107"]
[White "Flynn, David"]
[Black "Bernula, Istvan"]
[Result "1-0"]
[WhiteElo "1973"]
[BlackElo "1880"]
[WhiteFideId "410594"]
[BlackFideId "745499"]
[EventDate "2012.01.24"]

1. e4 e5 2. Nf3 Nc6 3. Bb5 Nf6 4. O-O Nxe4 5. d4 Nd6 6. Bxc6 dxc6 7. dxe5 Nf5 8.
Qxd8+ Kxd8 9. Nc3 Be7 10. Bg5 h5 11. Rad1+ Bd7 12. Bxe7+ Kxe7 13. Rd2 Be6 14.
Rfd1 Rad8 15. Ng5 Rxd2 16. Rxd2 b6 17. Nxe6 Kxe6 18. f4 a5 19. Kf2 h4 20. Ne4
Nh6 21. Kf3 Nf5 22. Rd3 f6 23. exf6 gxf6 24. Nc3 Rg8 25. Ne2 c5 26. Rd2 Rg7 27.
c3 Nd6 28. Nc1 f5 29. Nd3 Ne4 30. Re2 Rd7 31. Nf2 Rd2 32. Nxe4 Rd3+ 33. Re3
fxe4+ 34. Kxe4 Rd2 35. Kf3+ Kf5 36. Re5+ Kf6 37. Re2 Rd7 38. Kg4 Rg7+ 39. Kxh4
Kf5 40. Rf2 c4 41. Kh3 c5 42. g3 b5 43. Re2 Rc7 44. Re5+ Kf6 45. g4 b4 46. Re4
b3 47. axb3 cxb3 48. Ra4 Rd7 49. Rxa5 Rd3+ 50. Kh4 Rd2 51. h3 c4 52. Ra6+ Kf7
53. Rc6 Rxb2 54. Rxc4 Rc2 55. Kg5 Rc1 56. Rb4 Rxc3 57. h4 Rc5+ 58. f5 Rc3 59.
Rb7+ Kf8 60. f6 Rg3 61. Kf5 Rf3+ 62. Kg6 Re3 63. Rb8+ Re8 64. Rxb3 Ra8 65. Rb7
Rc8 66. Rh7 1-0

[Event "Gibraltar Open"]
[Site "Caleta ENG"]
[Date "2012.02.02"]
[Round "10.108"]
[White "Mozelius, Peter"]
[Black "Marano, Salvatore"]
[Result "0-1"]
[WhiteElo "1869"]
[BlackElo "1967"]
[WhiteFideId "1709704"]
[BlackFideId "814962"]
[EventDate "2012.01.24"]

1. Nf3 g6 2. g3 Bg7 3. Bg2 e5 4. d3 d5 5. Nbd2 Ne7 6. e4 c6 7. O-O O-O 8. h4 Bg4
9. Qe1 Qd6 10. Nh2 Be6 11. Qe2 Nd7 12. h5 gxh5 13. Qxh5 Nf6 14. Qe2 Ng6 15. Nb3
dxe4 16. dxe4 b5 17. Be3 Bc4 18. Qd1 Qc7 19. Re1 Rfd8 20. Qf3 Bxb3 21. axb3 Qe7
22. Ra6 Qe6 23. Rea1 Nf8 24. Rxa7 Rxa7 25. Rxa7 h6 26. Ra6 Qc8 27. Ra1 N8h7 28.
Qf5 Qc7 29. Ng4 Nxg4 30. Qxg4 Qd6 31. Bf3 Qf6 32. Be2 Ng5 33. Kg2 Qg6 34. Bd3
Ne6 35. Qh4 Kh7 36. Rh1 Rd6 37. Kf1 Nd4 38. Bxd4 Rxd4 39. g4 Bf6 40. Qg3 Qg5 41.
Ke2 Kg8 42. Rh5 Qg7 43. Rf5 Rd8 44. f3 Re8 45. Qf2 Bg5 46. Qb6 Qg6 47. Qc7 Qe6
48. c4 Rc8 49. Qxe5 Qd7 50. Qc3 Rd8 51. e5 b4 52. Rxg5+ hxg5 53. Qd2 Kh8 54. Qe3
Qd4 55. Qxd4 Rxd4 56. Ke3 c5 57. Bf5 Kg7 58. e6 fxe6 59. Bxe6 Kf6 60. Bf5 Ke5
61. Bc2 Rd6 62. Be4 Ra6 63. Kd2 Kf4 64. Kc2 Ke3 65. Bd5 Rh6 66. Be4 Rh2+ 67. Kb1
Rf2 68. Bf5 Kxf3 69. Kc1 Ke3 70. Bg6 Kf4 71. Bf5 Rg2 72. Bd7 Rxg4 73. Bxg4 Kxg4
74. Kd2 Kf3 75. Ke1 g4 76. Kf1 g3 0-1

[Event "Gibraltar Open"]
[Site "Caleta ENG"]
[Date "2012.02.02"]
[Round "10.109"]
[White "Jernselius, Kjell"]
[Black "Patola, Eero"]
[Result "1/2-1/2"]
[WhiteElo "1858"]
[BlackElo "1939"]
[WhiteFideId "1712217"]
[BlackFideId "504092"]
[EventDate "2012.01.24"]

1. b4 d5 2. Bb2 e6 3. Nf3 Nf6 4. b5 Be7 5. e3 O-O 6. a4 c5 7. c4 a6 8. Qc2 Nbd7
9. Be2 dxc4 10. Bxc4 axb5 11. Bxb5 b6 12. O-O h6 13. d4 Bb7 14. Nbd2 Nd5 15.
Rfd1 Rc8 16. Qd3 Nb4 17. Qe2 Bf6 18. Nc4 Bc6 19. dxc5 bxc5 20. Bxf6 Qxf6 21.
Bxc6 Rxc6 22. a5 Rd8 23. Rab1 Nd5 24. Qb2 Nc3 25. Qb7 Nxd1 26. Qxc6 Nc3 27. Rf1
Qe7 28. a6 Nb8 29. Qb6 Nd5 30. Qa5 Nc6 31. Qb5 Qc7 32. Qxc5 Ra8 33. Ra1 Ncb4 34.
Qxc7 Nxc7 35. a7 Nba6 36. Nd4 Rxa7 37. Nd6 Ra8 38. e4 Re8 39. N4b5 Nxb5 40. Nxb5
Nc5 1/2-1/2

[Event "Gibraltar Open"]
[Site "Caleta ENG"]
[Date "2012.02.02"]
[Round "10.112"]
[White "Bihi, Mehdi"]
[Black "Al Hanini, Elias"]
[Result "0-1"]
[WhiteElo "1919"]
[BlackElo "1761"]
[WhiteFideId "637076"]
[BlackFideId "11500646"]
[EventDate "2012.01.24"]

1. e4 e5 2. Nf3 Nc6 3. Bb5 Nf6 4. d3 d6 5. O-O a6 6. Ba4 b5 7. Bb3 Bg4 8. c3 Be7
9. a4 O-O 10. axb5 axb5 11. Rxa8 Qxa8 12. Na3 b4 13. Nc4 Qa6 14. Ne3 Bxf3 15.
Qxf3 Qxd3 16. Rd1 Qxe4 17. Qxe4 Nxe4 18. Bd5 bxc3 19. Bxc6 cxb2 20. Bxb2 Nf6 21.
Nf5 Bd8 22. f3 g6 23. Ng3 Be7 24. Ra1 Rc8 25. Ne4 Nxe4 26. fxe4 f5 27. Bc1 fxe4
28. Ra8 Rxa8 29. Bxa8 Kg7 30. Bxe4 h6 31. Bc6 g5 32. g4 Kf6 33. Kf2 Ke6 34. Ba3
Bf6 35. Kf3 d5 36. Bc5 e4+ 37. Ke3 Bc3 38. Bd4 Bb4 39. Bb5 Bf8 40. Ba7 c5 41.
Bb8 Bd6 42. Bxd6 Kxd6 43. h3 Ke5 44. Ba6 d4+ 45. Kd2 Kf4 46. Be2 d3 47. Bd1 c4
48. Kc3 e3 49. Ba4 e2 50. Kd2 c3+ 51. Ke1 c2 0-1

[Event "Gibraltar Open"]
[Site "Caleta ENG"]
[Date "2012.02.02"]
[Round "10.114"]
[White "Boesch, Heinz"]
[Black "Lochte, Szilvia"]
[Result "1-0"]
[WhiteElo "1904"]
[BlackElo "1956"]
[WhiteFideId "4673824"]
[BlackFideId "708410"]
[EventDate "2012.01.24"]

1. c4 b6 2. e4 Bb7 3. Nc3 e6 4. g3 Nf6 5. Bg2 c5 6. d3 d6 7. Nge2 Be7 8. O-O
Nfd7 9. f4 g6 10. f5 exf5 11. exf5 Bxg2 12. Kxg2 Nf6 13. fxg6 hxg6 14. Ng1 Nc6
15. Bg5 Ne5 16. h3 Nfg4 17. Qa4+ Qd7 18. Qxd7+ Kxd7 19. Bd2 Nf6 20. Rad1 Nxd3
21. Bg5 Nxb2 22. Rde1 Nxc4 23. Bxf6 Bxf6 24. Rxf6 Rhf8 25. Nf3 Rae8 26. Rxe8
Kxe8 27. Ng5 b5 28. Nxb5 Ke7 29. Rf4 a6 30. Nc3 f6 31. Nd5+ Kd7 32. Nxf6+ Kc6
33. Ne6 1-0